Pays du Tropique du Capricorne - Statistiques

Statistiques générales
  • Ce quiz a été pris 140 fois
    109 depuis la dernière actualisation
  • Le résultat moyen est 9 sur 10
Statistiques - réponses
Continent Pays % Correct
Amériques Argentine
97%
Amériques Chili
97%
Amériques Brésil
96%
Océanie Australie
93%
Afrique Afrique du Sud
92%
Afrique Namibie
91%
Afrique Mozambique
88%
Amérique Paraguay
88%
Afrique Botswana
86%
Afrique Madagascar
82%
Aucun quiz correspondant
Distribution des résultats
% des personnes avec chaque résultat
Percentile par nombre de réponses
Votre historique - résultats
Vous n’avez pas pris ce quiz depuis la dernière actualisation